000 00415nam a22001697a 4500
999 _c1380
_d1380
005 20210828165408.0
008 160523b xxu||||| |||| 00| 0 eng d
020 _a978-0-230-22492-6
041 _aeng
082 _b4110
_a339
100 _aMankilo , Gregory N
_96836
245 _aMacroeconomics
260 _aNew Delhi
_bAcademic Faundation
_c2008
300 _a564
650 _aManagement
_9241
942 _cBK